00775nam a2200193 a 450000100100000000500170001000800410002704000250006808200160009310000450010924500880015426000520024230000210029450000630031570000630037804900090044195201140045099900170056400002792920240226142655.0110405s2004 dr 000 0 spa d aDO-SdBNPbspacBNPHU axxxxbL817h1 aLockward Artiles, Antonio,d1943-91882310aHotel cosmos /cAntonio Lockward Artiles ; prólogo Aída Cartagena Portalatín. aSanto Domingo :bEdiciones Cielonaranja,c2004. a144 p. ;c21 cm. aIncluye datos biográficos del autor en la contracubierta1 aCartagena Portalatín, Aída,d1918-1994epról.923557 aBNPD 0010718PDaPDbPDcCTd2011-04-05iLF1l0oxxxx L817hp27929-10r2020-06-25w2020-06-25yLFPDZNo se presta c27421d27421